GREEN`S OPERATIVE HAND SURGERY VOL.1 + ONLINE (Record no. 800030)

MARC details
000 -LEADER
fixed length control field 00418pam a2200157 a 4500
020 ## - INTERNATIONAL STANDARD BOOK NUMBER
International Standard Book Number 9781416052791
Terms of availability
041 ## - LANGUAGE CODE
Language code of original
082 ## - DEWEY DECIMAL CLASSIFICATION NUMBER
Classification number 617.3
Item number WOL
100 ## - MAIN ENTRY--PERSONAL NAME
Personal name WOLFE S.W., HOTCHKISS R.N., PEDERSON W.S.
245 ## - TITLE STATEMENT
Title GREEN`S OPERATIVE HAND SURGERY VOL.1 + ONLINE
Medium Textual Documents
250 ## - EDITION STATEMENT
Edition statement 6.
260 ## - PUBLICATION, DISTRIBUTION, ETC.
Name of publisher, distributor, etc. CHURCHILL LIVING STONE
Date of publication, distribution, etc. 2011
300 ## - PHYSICAL DESCRIPTION
Extent 1092, 1-60:
Other physical details XVI;
Dimensions HB.
650 ## - SUBJECT ADDED ENTRY--TOPICAL TERM
Topical term or geographic name entry element ORTHO
930 ## - EQUIVALENCE OR CROSS-REFERENCE-UNIFORM TITLE HEADING [LOCAL, CANADA]
Uniform title 5503
Holdings
Withdrawn status Lost status Damaged status Not for loan Collection Home library Current library Date acquired Source of acquisition Cost, normal purchase price Total Checkouts Full call number Barcode Date due Date last seen Date last checked out Copy number Price effective from Koha item type
          Medical College & Hospital, Sangli Medical College & Hospital, Sangli 01/10/2012 B.M.S.G.B.PUNE 1727.90 1 617.3 WOL MCS-10561 01/10/2043 06/10/2023 06/10/2023 1 26/07/2023 Book